Statistiques concernant Quel est ce caractère spécial ?

Cliquez ici pour prendre le quiz!

Statistiques générales

  • Ce quiz a été pris 182 fois
  • Le résultat moyen est 17 sur 25

Statistiques - réponses

HintRéponse% Correct
@Arobase
96%
*Astérisque
96%
ΩOmêga
91%
©Copyright
90%
"Guillemets
89%
_Tiret du bas
88%
¥Yen
87%
[Crochet
86%
/Barre oblique
84%
ōO macron
84%
Pour mille
81%
{Accolade
80%
øo barré
77%
&Esperluette
72%
Interrobang
64%
Lemniscate
60%
Roupie indienne
56%
§Paragraphe
55%
#Croisillon
51%
~Tilde
51%
ßEszett
44%
Ensemble nul
42%
Shekel
28%
þThorn
24%
¤Symbole monétaire
9%

Distribution des résultats

Percentile par nombre de réponses

% des personnes avec chaque résultat

Votre développement - résultats

Vous n’avez pas pris ce quiz